Welcome to the Holygrace Academy Library

Please use search bar below to get started

AT FIRST SIGHT (Record no. 3298)

MARC details
000 -LEADER
fixed length control field 00277nam a22001217a 4500
020 ## - INTERNATIONAL STANDARD BOOK NUMBER
ISBN 978-0-7515-3657-7
082 ## - DEWEY DECIMAL CLASSIFICATION NUMBER
Classification number 823
Item number SPA/A
100 ## - MAIN ENTRY--AUTHOR NAME
Personal name SPARKS,NICHOLAS
245 ## - TITLE STATEMENT
Title AT FIRST SIGHT
260 ## - PUBLICATION, DISTRIBUTION, ETC. (IMPRINT)
Place of publication AMERICA
Name of publisher THE WARNER BOOKS
650 ## - SUBJECT ADDED ENTRY--TOPICAL TERM
Topical Term ENGLISH NOVEL
Geographic subdivision AMERICA
942 ## - ADDED ENTRY ELEMENTS (KOHA)
Koha item type Books
Holdings
Withdrawn status Lost status Collection code Home library Current library Shelving location Date acquired Source of acquisition Full call number Accession Number Koha item type
    Fiction Main Library Main Library SHELF 2-J-ENGLISH NOVELS FOR TEACHERS 06/08/2011 PURCHASE 823 SPA/A 05557 Books